[Event "Catalunya-chT Gp1"]
[Site "Barcelona"]
[Date "2015.01.24"]
[Round "1.3"]
[White "Lillo Castany, Victor"]
[Black "Amigo Villalta, Jordi"]
[Result "1-0"]
[WhiteElo "2340"]
[BlackElo "2279"]
[PlyCount "39"]
[EventDate "2015.01.24"]
[EventType "team-tourn"]
[EventRounds "7"]
[EventCountry "ESP"]
[SourceTitle "CBM 164 Extra"]
[Source "ChessBase"]
[SourceDate "2015.03.02"]
[SourceVersion "1"]
[SourceVersionDate "2015.03.02"]
[SourceQuality "1"]
[WhiteTeam "Figueres"]
[BlackTeam "Catalunya"]
[WhiteTeamCountry "ESP"]
[BlackTeamCountry "ESP"]

1. e4 c6 2. c4 d5 3. exd5 cxd5 4. cxd5 Nf6 5. Bb5+ Bd7 6. Bc4 b5 7. Bb3 Bg4 8. Nf3 Nbd7 9. d4 a6 10. a4 Rc8 11. 0-0 Nb6 12. axb5 Bxf3 13. Qxf3 axb5 14. Nc3 b4 15. Na2 Nbxd5 16. Nxb4 e6 17. Nxd5 exd5 18. Qe2+ Be7 19. Qb5+ Kf8 20. Bd2 1-0